书目信息 |
| 题名: |
生物技术在海洋生物资源开发中的应用
|
|
| 作者: | 王梁华 , 焦炳华 主编 | |
| 分册: | ||
| 出版信息: | 北京 科学出版社 2017.1 |
|
| 页数: | 270页 | |
| 开本: | 26cm | |
| 丛书名: | 海洋生物资源开发利用高技术丛书 | |
| 单 册: | ||
| 中图分类: | P745 | |
| 科图分类: | ||
| 主题词: | 生物工程--应用--海洋生物资源--资源开发--研究 | |
| 电子资源: | ||
| ISBN: | 978-7-03-049605-8 | |
| 000 | 01229nam 2200289 450 | |
| 001 | 0400004883 | |
| 005 | 20171025114312.0 | |
| 010 | @a978-7-03-049605-8@dCNY130.00 | |
| 100 | @a20170328d2017 em y0chiy50 ea | |
| 101 | 0 | @achi |
| 102 | @aCN@b110000 | |
| 105 | @aa z 000yy | |
| 106 | @ar | |
| 200 | 1 | @a生物技术在海洋生物资源开发中的应用@9sheng wu ji shu zai hai yang sheng wu zi yuan kai fa zhong de ying yong@f王梁华,焦炳华主编 |
| 210 | @a北京@c科学出版社@d2017.1 | |
| 215 | @a270页@c图@d26cm | |
| 225 | 1 | @a海洋生物资源开发利用高技术丛书@f焦炳华总编 |
| 312 | @a封面英文题名:Applications of biotechnology in the development of marine biological resources | |
| 330 | @a本书内容包括:现代海洋生物技术概论;海洋基因工程技术;海洋蛋白质工程技术;海洋细胞工程技术;海洋代谢工程技术;海洋生物分离工程技术;海洋生物芯片技术。 | |
| 461 | 0 | @12001 @a海洋生物资源开发利用高技术丛书 |
| 510 | 1 | @aApplications of biotechnology in the development of marine biological resources@zeng |
| 606 | 0 | @a生物工程@x应用@x海洋生物资源@x资源开发@x研究 |
| 690 | @aP745@v5 | |
| 701 | 0 | @a王梁华@9wang liang hua@4主编 |
| 701 | 0 | @a焦炳华@9jiao bing hua@4主编 |
| 801 | 0 | @aCN@b91MARC@c20171025 |
| 905 | @b1039754-7@dP745@f4@e78 | |
| 生物技术在海洋生物资源开发中的应用/王梁华,焦炳华主编.-北京:科学出版社,2017.1 |
| 270页:图;26cm.-(海洋生物资源开发利用高技术丛书/焦炳华总编) |
| ISBN 978-7-03-049605-8:CNY130.00 |
| 本书内容包括:现代海洋生物技术概论;海洋基因工程技术;海洋蛋白质工程技术;海洋细胞工程技术;海洋代谢工程技术;海洋生物分离工程技术;海洋生物芯片技术。 |
| ● |
| 相关链接 |
|
|
|
|
正题名:生物技术在海洋生物资源开发中的应用
索取号:P745/78
 
预约/预借
| 序号 | 登录号 | 条形码 | 馆藏地/架位号 | 状态 | 备注 |
| 1 | 1039754 | 210397541 | 第二样本阅览室/ [索取号:P745/78] | 在馆 | |
| 2 | 1039755 | 210397550 | 生命科学系资料室/ [索取号:P745/78] | 在馆 | |
| 3 | 1039756 | 210397569 | 第三借阅区/ [索取号:P745/78] |
已借出,限还日期为2026.08.12 借出人:邵元龙 |
|
| 4 | 1039757 | 210397578 | 第三借阅区/ [索取号:P745/78] | 在馆 |